Francisco Xavier Clavigero : (Registro nro. 14624)

Detalles MARC
000 -LEADER
fixed length control field 01142nam a2200301 a 4500
001 - CONTROL NUMBER
control field
003 - CONTROL NUMBER IDENTIFIER
control field DO-SdBNP
005 - DATE AND TIME OF LATEST TRANSACTION
control field 20240411115950.0
008 - FIXED-LENGTH DATA ELEMENTS--GENERAL INFORMATION
fixed length control field 140613s2018 mx a 000 0 spa d
020 ## - INTERNATIONAL STANDARD BOOK NUMBER
International Standard Book Number 9786074612578
040 ## - CATALOGING SOURCE
Original cataloging agency DO-SdBNP
Language of cataloging spa
Transcribing agency BPMSU
082 #4 - DEWEY DECIMAL CLASSIFICATION NUMBER
Classification number 922.2
Item number X3R 2018
Edition number 22
100 1# - MAIN ENTRY--PERSONAL NAME
Personal name Reynoso, Arturo.
Titles and words associated with a name
245 10 - TITLE STATEMENT
Title Francisco Xavier Clavigero :
Remainder of title el aliento del espíritu /
Statement of responsibility, etc. Arturo Reynoso ; prólogo Alfonso Alfaro Barreto
260 ## - PUBLICATION, DISTRIBUTION, ETC. (IMPRINT)
Place of publication, distribution, etc. México :
Name of publisher, distributor, etc. Artes de México del Mundo ;
-- Fondo de Cultura Económica,
Date of publication, distribution, etc. 2018.
300 ## - PHYSICAL DESCRIPTION
Extent 574 p. ;
Dimensions 24 cm.
Other physical details
490 0# - SERIES STATEMENT
Series statement Destiempo
500 ## - GENERAL NOTE
General note Incluye referencias bibliográficas y notas al pie de las páginas
590 ## - LOCAL NOTE (RLIN)
Local note Inventariado, 2024/VM
600 14 - SUBJECT ADDED ENTRY--PERSONAL NAME
Personal name Clavigero, Francisco Xavier,
Dates associated with a name 1731-1787
Form subdivision Colecciones de escritos
650 #4 - SUBJECT ADDED ENTRY--TOPICAL TERM
Topical term or geographic name as entry element Jesuitas
Geographic subdivision México
Form subdivision Biografías
Source of heading or term
650 #4 - SUBJECT ADDED ENTRY--TOPICAL TERM
Topical term or geographic name as entry element Evangelización
Geographic subdivision México
Form subdivision Siglo XVIII.
700 1# - ADDED ENTRY--PERSONAL NAME
Personal name Orellana, Margarita de,
Dates associated with a name 1950-
Relator term ed.
700 1# - ADDED ENTRY--PERSONAL NAME
Personal name Alfaro Barreto, Alfonso
Relator term pról.
710 2# - ADDED ENTRY--CORPORATE NAME
Corporate name or jurisdiction name as entry element Fondo de Cultura Económica (México)
910 ## - USER-OPTION DATA (OCLC)
User-option data VMateo V. Control de calidad. BPMSU
942 ## - ADDED ENTRY ELEMENTS (KOHA)
Source of classification or shelving scheme Dewey Decimal Classification
Koha item type Libros
Existencias
Withdrawn status Lost status Source of classification or shelving scheme Damaged status Not for loan Collection code Home library Current library Date acquired Total Checkouts Full call number Barcode Date last seen Price effective from Koha item type
    Dewey Decimal Classification     Colección General Biblioteca Pública Metropolitana Salomé Ureña Biblioteca Pública Metropolitana Salomé Ureña 04/11/2024   BPMSU CG 922.2 X3R 2018 BPMSU24040011 04/11/2024 04/11/2024 Libros